Statystyki dla Najbardziej wartościowe kluby w Afryce.

Kliknij tutaj aby rozwiązać quiz!

Ogólne statystyki

  • Ten quiz został rozwiązany 8 razy
  • Średni wynik to 5 z 10

Statystyki odpowiedzi

#KlubPochodzenieWartość rynkowa% Poprawnych
10Kaizer Chiefs
12,70 mln €
88%
1Al-Ahly
32,85 mln €
75%
4Esperance Tunis
18,25 mln €
75%
7Orlando Pirates
15,93 mln €
75%
6Wydad Casablanca
17,85 mln €
75%
8Raja Casablanca
15,43 mln €
63%
3Zamalek SC
18,38 mln €
38%
2Mamelodi Sundowns FC
26,38 mln €
25%
9CR Belouizdad
14,45 mln €
13%
5Pyramids FC
18,03 mln €
13%

Rozkład punktacji

Percentyl według liczby udzielonych odpowiedzi

Procent ludzi z każdym wynikiem

Twoja historia wyników

Nie rozwiązałeś tego quizu